000 00529nam a2200193Ia 4500
005 20250508160940.0
008 008 250505s9999 xx 000 0 eng d
020 _a0-479-92443-1
037 _aTextual
040 _aFEDL
_beng
_cFEDL
041 _aeng
_2eng
084 _a371.9, WEB
_qFEDL
100 _aWedell K Ed.
_9769791
245 0 _aOrientations in special education
260 _aLondon, UK
_bJohn Wiley and Sons
_c1975
300 _ax,210p
942 _cTEXL
_h371.9, WEB
999 _c1367569
_d1367569